000 00606nam a2200241 i 4500
001 C2-0091704
003 PPAK
005 20180727092533.0
008 970513s1990 enk |||| ||||| | eng d
020 _a033354580X
040 _aPPAK
_beng
_cPPAK
_erda
082 0 4 _a823
_223
090 0 0 _a823
_bMOF
_dG
100 1 _aMoffat, Gwen.,
_eauthor
245 1 4 _aThe raptor zone
264 1 _aLondon :
_bMacmillan ,
_c1990
300 _a191 pages ;
_c22 cm
336 _2rdacontent
_atext
337 _2rdamedia
_aunmediated
338 _2rdacarrier
_avolume
650 1 0 _aEnglish fiction
942 _ddc
_cB
999 _c19529
_d19529